Elektrolytická príprava a charakterizácia Al-Zr zliatin vhodných pre extrémne aplikácie

Saved in:
Bibliographic Details
Main Author: Debnárová, Kristína (Author)
Other Authors: Kubiňáková, Emília (Thesis advisor)
Format: Manuscript Book
Language:Slovak
Published: 2019
Subjects:
Online Access:http://is.stuba.sk/zp/portal_zp.pl?podrobnosti=142996
Tags: Add Tag
No Tags, Be the first to tag this record!

MARC

LEADER 00000ntm a22000003a 4500
001 stuzp74340
003 SK-STU
005 20190601211241.2
007 ta
008 150427s2015----xo-----f-mn---000-0-slo-d
040 |a STU  |b slo 
041 0 |a slo 
100 1 |a Debnárová, Kristína  |u 042120  |k Z4  |4 aut  |U FCHPT Ústav anorganickej chémie, technológie a materiálov  |T FCHPT Oddelenie anorganickej technológie  |X 76459  |U C2120  |Y 111  |7 76459 
242 0 1 |a Electrochemical preparation and characterization of Al-Zr alloys suitable for extreme applications  |y eng 
245 1 0 |a Elektrolytická príprava a charakterizácia Al-Zr zliatin vhodných pre extrémne aplikácie 
260 |c 2019 
650 4 |a Al-Zr zliatiny  |2 slo 
650 4 |a elektrolytická príprava  |2 slo 
650 4 |a vlastná difúzia  |2 slo 
650 4 |a optimalizácia parametrov prípravy  |2 slo 
650 4 |a Al-Zr alloys  |2 eng 
650 4 |a electrolytic preparation  |2 eng 
650 4 |a own diffusion  |2 eng 
650 4 |a optimization of synthesis parameters  |2 eng 
700 1 |a Kubiňáková, Emília  |u 042120  |k Z2  |4 ths  |U FCHPT Ústav anorganickej chémie, technológie a materiálov  |T FCHPT Oddelenie anorganickej technológie  |X 68621  |U C2120  |Y 111  |7 A00000068621 
856 4 |u http://is.stuba.sk/zp/portal_zp.pl?podrobnosti=142996